00851 2200289 4500001002100000005001500021035002000036007000300056008004100059040001700100100001300117245014800130250001200278300003500290504002500325020001800350041000800368082000800376084001400384090002100398260003900419600001100458700002400469700003600493850001000529990002200539INLIS00000000000328620260527114748 a0010-0421000109ta260527 0  aSBPUPADbind0 aSoekarno1 aPanduan Membuat Desain Iustrasi Busana :bTingkat Dasar, Terampil dan Makmur /cSoekarno; pengarang ke-2, Lanawati Basuki; penyunting, Tajudin a.-Cet.1 avi, 152 hlm. :bilus. ;c26 cm aBibliografi, hlm 150 a979-3034-48-307aind a687 a687 SOE p a687 SOE p L21-10 a.--Jakarta :bKawan Pustaka,c2003 4abusana0 apenyunting, Tajudin0 apengarang ke-2, Lanawati Basuki aPUPAD a0928/Br/KAPD/2006